[Event "Torquay Paignton Rowena op"]
[Site "Torquay"]
[Date "2018.09.08"]
[Round "7"]
[White "Wilson, Matthew R"]
[Black "Siddall, Dave"]
[Result "1/2-1/2"]
[WhiteElo "158"]
[BlackElo "160"]
[PlyCount "86"]
[EventDate "2018.09.02"]
[EventType "swiss"]
[EventRounds "7"]
[EventCountry "ENG"]
[SourceTitle "CBM 187 Extra"]
[Source "ChessBase"]
[SourceDate "2018.11.04"]
[SourceVersion "1"]
[SourceVersionDate "2018.11.04"]
[SourceQuality "1"]

1. Nf3 d5 2. b3 c5 3. e3 Bg4 4. h3 Bh5 5. Bb5+ Nc6 6. Bb2 e6 7. 0-0 Nf6 8. d3 Be7 9. Nbd2 Qb6 10. a4 0-0 11. Re1 a6 12. Bxc6 Qxc6 13. g4 Bg6 14. Ne5 Qc7 15. Qf3 Bd6 16. Nxg6 fxg6 17. Qg2 Rad8 18. e4 Bf4 19. Nf1 d4 20. Re2 Nd7 21. Bc1 Ne5 22. Bxf4 Rxf4 23. Nd2 Qa5 24. Nc4 Qc3 25. Rd1 Nf3+ 26. Kh1 b5 27. axb5 axb5 28. Na3 Qb4 29. Nb1 e5 30. Nd2 Ng5 31. h4 Ne6 32. Nf3 Qa5 33. Nxe5 Qc7 34. Nf3 h5 35. gxh5 Rdf8 36. Qxg6 R4f6 37. Qg4 Qf4 38. Qxf4 Rxf4 39. Ne5 Rxh4+ 40. Kg1 Rxh5 41. Ng4 Rg5 42. f3 Rxf3 43. Rg2 Rf4 1/2-1/2

[Event "Torquay Paignton Rowena op"]
[Site "Torquay"]
[Date "2018.09.07"]
[Round "6"]
[White "Morgan, Jamie"]
[Black "Siddall, Dave"]
[Result "0-1"]
[WhiteElo "1866"]
[BlackElo "160"]
[PlyCount "76"]
[EventDate "2018.09.02"]
[EventType "swiss"]
[EventRounds "7"]
[EventCountry "ENG"]
[SourceTitle "CBM 187 Extra"]
[Source "ChessBase"]
[SourceDate "2018.11.04"]
[SourceVersion "1"]
[SourceVersionDate "2018.11.04"]
[SourceQuality "1"]

1. e4 d5 2. Nc3 d4 3. Nce2 e5 4. Ng3 Be6 5. Nf3 f6 6. d3 Nd7 7. c3 c5 8. Be2 Ne7 9. 0-0 g6 10. Nh4 Bg7 11. f4 exf4 12. Bxf4 Nc6 13. Nhf5 0-0 14. Nxg7 Kxg7 15. Bd6 Re8 16. e5 f5 17. c4 Ncxe5 18. Bf3 Qb6 19. Bxe5+ Nxe5 20. Re1 Nxf3+ 21. Qxf3 Bd7 22. Qd5 Qc6 23. Re5 b6 24. Rae1 Qxd5 25. cxd5 Rxe5 26. Rxe5 Re8 27. Rxe8 Bxe8 28. Ne2 Kf6 29. Nf4 Ke5 30. Ne6 Bb5 31. Nf8 Bxd3 32. Nxh7 Kxd5 33. Nf8 f4 34. Nh7 c4 35. Kf2 b5 36. Kf3 c3 37. bxc3 dxc3 38. Nf6+ Ke6 0-1

[Event "Torquay Paignton Rowena op"]
[Site "Torquay"]
[Date "2018.09.04"]
[Round "3"]
[White "Siddall, Dave"]
[Black "Clarke, Ian M"]
[Result "1/2-1/2"]
[WhiteElo "160"]
[BlackElo "149"]
[PlyCount "71"]
[EventDate "2018.09.02"]
[EventType "swiss"]
[EventRounds "7"]
[EventCountry "ENG"]
[SourceTitle "CBM 187 Extra"]
[Source "ChessBase"]
[SourceDate "2018.11.04"]
[SourceVersion "1"]
[SourceVersionDate "2018.11.04"]
[SourceQuality "1"]

1. d4 Nf6 2. Nf3 g6 3. Nc3 d5 4. Bf4 Bg7 5. e3 0-0 6. Ne5 c6 7. Be2 Nbd7 8. h4 Nxe5 9. Bxe5 Nd7 10. Bxg7 Kxg7 11. h5 e5 12. dxe5 Nxe5 13. f4 Nc4 14. Qd4+ f6 15. b3 Nd6 16. g4 Qe7 17. 0-0-0 Re8 18. Rd3 Ne4 19. Nxe4 Qxe4 20. Qxe4 Rxe4 21. Bf3 Re7 22. h6+ Kf7 23. Re1 Bd7 24. Kd2 f5 25. g5 Be6 26. a3 Rc7 27. b4 b5 28. Rd1 Ke7 29. Kc3 a5 30. Kd4 Kd6 31. Kc3 axb4+ 32. axb4 Ra3+ 33. Kd2 Rxd3+ 34. Kxd3 Ra7 35. c3 Ra2 36. Rd2 1/2-1/2